[Event "Grand Prix Hamburg 2019"]
[Site "Hamburg"]
[Date "2019.11.05"]
[Round "1.1"]
[White "Vachier-Lagrave, Maxime"]
[Black "Wei, Yi"]
[Result "1-0"]
[WhiteElo "2774"]
[BlackElo "2724"]
[Annotator "TA"]
[PlyCount "94"]
[EventDate "2019.11.05"]
[EventType "k.o."]
[EventCountry "GER"]
[SourceTitle "playchess.com"]
[Source "ChessBase"]
[SourceQuality "1"]

{[%evp 11,94,16,25,21,27,0,11,0,10,0,55,47,45,51,38,48,48,51,52,46,43,49,45,38,49,48,58,46,56,54,56,53,53,52,59,50,39,47,52,57,62,47,80,74,100,69,75,75,75,75,88,77,110,35,85,76,85,73,75,72,85,85,85,85,85,85,92,92,92,95,95,95,102,91,640,710,909,837,799,883,735,529,734,632,5181]} 1. e4 c5 2. Nf3 d6 3. d4 cxd4 4. Nxd4 Nf6 5. Nc3 a6 6. g3 e5 7. Nb3 {B91: Sicilian Najdorf: 6 g3} (7. Nde2 Be7 8. Bg2 O-O 9. O-O b5 10. Nd5 Nxd5 11. Qxd5 Ra7 12. Be3 Rb7 13. Qd2 Nd7 14. Nc3 Nf6 15. Bg5 Be6 16. Bxf6 Bxf6 17. Nd5 Bg5 {½-½ (43) Vitiugov,N (2732)-Yu,Y (2763) Khanty-Mansiysk 2019}) 7... Be7 8. Bg5 Nbd7 9. a4 {The position is equal.} h6 $146 ({Predecessor:} 9... b6 10. Bg2 Bb7 11. O-O O-O 12. Qe2 h6 13. Bxf6 Nxf6 14. Rfd1 Qc7 {1-0 (44) Yankovsky,R (2302)-Solovchuk,M (2188) Dagomys 2009}) 10. Be3 b6 (10... O-O $11) 11. Bc4 $14 Bb7 12. Nd2 O-O 13. O-O Qc7 14. Qe2 Rfc8 15. Rad1 Nc5 {[%cal Rc5e4]} 16. Bxc5 Qxc5 17. Rfe1 g6 18. Bb3 Kg7 19. Qc4 Qxc4 20. Nxc4 Rc6 21. Nd5 Nxd5 22. exd5 Rc7 {[#]} 23. Nxe5 $1 {[%mdl 512]} dxe5 24. d6 {[%mdl 64] Double Attack} Rd7 {Strongly threatening ...Rad8.} 25. dxe7 Rxe7 26. Rd6 b5 27. a5 Rc8 28. c3 Bf3 29. Rxa6 Rd8 30. Rb6 Rd2 31. Rxb5 Rxb2 32. a6 ({Better is} 32. Ra1 $16) 32... Rc7 {[#]} 33. Bc4 $1 Rxb5 34. Bxb5 Rxc3 $16 {[%mdl 4096] Endgame KRB-KRB} 35. Bf1 Rc5 36. Ra1 Ba8 37. Be2 e4 38. Kf1 Kf6 39. Ke1 Ke5 40. Kd2 f5 41. Rb1 g5 42. Rb5 Kd4 $2 {[%mdl 8192] [#]} (42... Rxb5 $16 43. Bxb5 Kd6) 43. Rxc5 $1 $18 {White is clearly winning.} Kxc5 44. Ke3 Bc6 45. Bh5 Kd5 46. a7 Ke5 {Now ...f4+ and Black clings on.} 47. f4+ Kd5 {Accuracy: White = 86%, Black = 59%.} 1-0

[Event "Grand Prix Hamburg 2019"]
[Site "Hamburg"]
[Date "2019.11.06"]
[Round "1.2"]
[White "Nepomniachtchi, Ian"]
[Black "Duda, Jan-Krzysztof"]
[Result "1/2-1/2"]
[WhiteElo "2776"]
[BlackElo "2734"]
[Annotator "TA"]
[PlyCount "263"]
[EventDate "2019.11.05"]
[EventType "k.o."]
[EventCountry "GER"]
[SourceTitle "playchess.com"]
[Source "ChessBase"]
[SourceQuality "1"]

{[%evp 17,263,36,42,27,29,20,28,16,17,20,36,30,65,65,65,65,65,65,64,64,64,64,64,64,65,57,64,64,65,62,94,72,72,72,110,72,72,72,72,60,60,60,75,76,74,68,82,60,61,55,57,64,56,56,64,56,56,56,56,56,84,84,116,30,93,93,93,93,93,93,93,93,94,109,116,65,116,109,109,109,109,109,109,109,109,109,109,109,109,109,109,109,109,109,109,109,109,109,109,109,109,109,109,109,109,109,109,109,109,109,109,109,109,109,109,0,109,109,109,109,109,109,109,109,109,109,109,109,109,109,109,109,109,16,16,16,16,16,16,16,16,16,16,16,16,16,16,16,16,16,16,16,16,16,16,16,16,16,16,16,16,16,16,16,16,16,16,16,16,16,16,16,16,16,16,0,16,16,16,16,16,16,16,16,16,16,16,16,16,0,16,0,16,16,16,16,16,16,16,16,16,16,16,16,16,16,16,16,16,15,15,15,15,15,15,15,15,15,15,15,15,15,15,15,15,15,15,15,15,15,15,15,15,15,15,15,15,15,15,15,15,15,15,15,15,15,15,15]} 1. e4 c5 2. Nf3 g6 3. d4 cxd4 4. Nxd4 Nc6 5. Nc3 Bg7 6. Be3 Nf6 7. Bc4 Qa5 8. O-O O-O 9. Bb3 d6 10. Nd5 {B35: Sicilian: Accelerated Dragon with 5 Nc3: main line} Qd8 (10... Re8 11. Nxf6+ Bxf6 12. c3 Bd7 13. f4 Nxd4 14. cxd4 e6 15. e5 Bg7 16. Qd2 Qa6 17. Rac1 Rac8 {0-1 (40) Grischuk,A (2750)-Vachier Lagrave,M (2795) chess.com INT 2017}) 11. f3 Nxd5 12. exd5 {White has an edge.} Nxd4 $146 ({Predecessor:} 12... Ne5 13. h3 Nd7 14. c3 Nf6 15. Ne2 Re8 16. Qd2 Qa5 17. Rad1 Bd7 {½-½ (46) Ramacker,Q (1912)-Slagter,M (1496) Blankenberge 2014}) 13. Bxd4 Bxd4+ 14. Qxd4 Qb6 15. Qxb6 axb6 16. Rfe1 Re8 17. Re4 Bd7 18. Rb4 b5 19. c3 Rac8 20. Kf2 Rc5 21. Rd1 Kg7 22. h4 h6 23. a3 Kf6 24. Re1 g5 25. Rd4 Rd8 26. Rh1 Bf5 27. g4 Bg6 28. f4 gxf4 29. Re1 Rd7 30. Rxf4+ Kg7 31. Re3 Rdc7 32. Ref3 {Threatens to win with h5.} f6 $1 33. g5 fxg5 34. hxg5 h5 $1 35. Re3 e5 36. dxe6 Rxg5 37. Rd4 Rf5+ 38. Ke2 {Strongly threatening Bc2.} Be8 39. Rxd6 {Hoping for e7.} Kf8 40. Rd4 (40. Rd8 $16) 40... Rg7 (40... Ke7 $1 $11) 41. Bd5 $1 $16 b6 42. Be4 $1 {[%cal Re4f5]} Re5 {[#]} 43. Rd6 $1 h4 44. Bf3 Rxe3+ 45. Kxe3 {[%mdl 4096] Endgame KRB-KRB} h3 46. Kf2 ({Reject} 46. Rxb6 $6 h2 $11) (46. Rd2 $16) 46... h2 (46... Rg5 $14) 47. e7+ Kxe7 48. Rh6 ({Stronger than} 48. Rxb6 {[#]} Rf7 $1 $17 {[%mdl 512]}) 48... Rf7 49. Rxh2 Bc6 50. Rh3 Bxf3 51. Rxf3 {KR-KR} Rh7 52. Ke3 Kd6 53. Rf6+ Kc7 54. Rf2 Kc6 55. Re2 Kc5 56. Kd3 Rh3+ 57. Kc2 Rh5 58. Rg2 Kc6 59. Kb3 Rh4 60. Rd2 Kc5 61. Rc2 Rh3 62. Rg2 Rh5 63. Rg8 Rh2 64. Rg1 Kc6 65. Rc1 Kc5 66. Rc2 (66. Rd1 $16) 66... Rh4 (66... Rh3 $1 $11) 67. Rf2 Kc6 68. Kc2 Rh3 69. Rf6+ Kb7 70. Rf7+ Kc6 71. Rf2 Kb7 72. Kb3 Rh4 73. Rd2 Kc6 74. Rd4 Rh2 75. a4 (75. Rg4 $16) 75... bxa4+ $11 {The position is equal.} 76. Rxa4 b5 77. Ra6+ Kb7 78. Rg6 Rf2 79. Rg4 Kb6 80. Ka3 $1 Rc2 81. Rg6+ Kb7 82. Rg3 Rh2 83. Rg4 Rc2 84. Rd4 Kc6 85. Rd3 Rh2 86. Kb3 Kc5 87. Rg3 Kb6 88. Rg6+ Kb7 89. Rg8 Rf2 90. Rg1 Kb6 91. Rc1 Kc5 92. Rc2 Rf4 93. Rd2 Rh4 94. Rd8 Rh2 95. Rb8 Rh4 96. Rd8 Rh2 97. Rc8+ Kb6 98. Rb8+ Kc6 99. Ka3 Rc2 100. Rh8 Kb6 101. Rh6+ Kb7 102. Rh3 Kb6 103. Rh6+ Kb7 104. Rh3 Kb6 105. Rd3 Rh2 106. Rd6+ Kc7 107. Rd4 Kb6 108. b3 Rh3 109. Kb4 {And now Rd6+ would win.} Rh6 110. Rg4 Rf6 111. Ka3 Rh6 112. Rg2 Rf6 113. Kb2 Rf3 114. Kc2 Rh3 115. Rg6+ Kc7 116. Re6 Rg3 117. Re4 Kc6 118. Kd2 Kd5 119. Re3 {Intending c4+ and mate.} Rg2+ 120. Kd3 Rb2 121. b4 Rh2 122. Rg3 Rh6 123. Rf3 Rg6 124. Rh3 Kc6 125. Rh4 Kb6 126. Rh8 Rd6+ 127. Kc2 Rc6 128. Rh5 Rc4 129. Kd3 Rc8 130. Rh6+ Kb7 131. Rd6 Rc7 132. Rd5 {Accuracy: White = 77%, Black = 80%.} 1/2-1/2

[Event "Grand Prix Hamburg 2019"]
[Site "Hamburg"]
[Date "2019.11.06"]
[Round "1.2"]
[White "Grischuk, Alexander"]
[Black "Wojtaszek, Radoslaw"]
[Result "1/2-1/2"]
[WhiteElo "2759"]
[BlackElo "2748"]
[Annotator "TA"]
[PlyCount "31"]
[EventDate "2019.11.05"]
[EventType "k.o."]
[EventCountry "GER"]
[SourceTitle "playchess.com"]
[Source "ChessBase"]
[SourceQuality "1"]

{[%evp 11,29,8,27,14,24,13,10,16,16,0,15,0,0,0,25,25,30,31,41,0]} 1. e4 e5 2. Nf3 Nc6 3. Bc4 Bc5 4. O-O Nf6 5. d3 d6 6. c3 a6 7. Re1 {C54: Giuoco Piano: 4 c3 Nf6, main lines with 5 d4 and 5 d3} O-O 8. h3 h6 9. b4 {The position is equal.} Ba7 10. a4 Ne7 11. Nbd2 Ng6 12. d4 exd4 13. cxd4 d5 14. exd5 Nxd5 15. b5 {[#]} (15. Ne4 $5 {[%cal Rc1h6]}) {Predecessor:} 15... axb5 $146 16. axb5 {0-1 (38) Fressinet,L (2676)-Inarkiev,E (2732) Germany 2017} 1/2-1/2

[Event "Grand Prix Hamburg 2019"]
[Site "Hamburg"]
[Date "2019.11.06"]
[Round "1.2"]
[White "Yu, Yangyi"]
[Black "Jakovenko, Dmitry"]
[Result "1/2-1/2"]
[WhiteElo "2753"]
[BlackElo "2681"]
[Annotator "TA"]
[PlyCount "145"]
[EventDate "2019.11.05"]
[EventType "k.o."]
[EventCountry "GER"]
[SourceTitle "playchess.com"]
[Source "ChessBase"]
[SourceQuality "1"]

{[%evp 13,145,28,21,17,15,8,10,10,8,15,32,40,30,27,18,27,33,44,88,84,79,75,95,91,89,102,84,90,154,154,148,138,152,146,149,137,193,193,189,181,172,153,127,60,198,159,333,318,406,376,417,267,243,252,254,247,218,202,208,206,185,160,158,150,1143,1219,961,903,1302,1306,1501,1335,6341,5500,6095,2719,29953,29954,29955,29959,29951,29956,5079,75,82,8,8,8,29973,29972,29972,8,8,8,8,8,8,8,8,8,8,8,8,0,8,8,8,8,8,8,8,8,8,8,8,8,8,8,8,8,8,8,8,8,8,0,8,0,8,8,8,0,0,0]} 1. c4 c5 2. Nf3 Nf6 3. Nc3 e6 4. e4 Nc6 5. Be2 d5 6. exd5 exd5 7. d4 cxd4 8. Nxd4 {A34: Symmetrical English: 2 Nc3, lines with ...d5} dxc4 9. Be3 Nxd4 10. Bxd4 Be6 11. O-O Be7 12. Qa4+ Qd7 13. Qxd7+ Nxd7 14. Bxg7 Rg8 15. Bd4 {[#]} Bc5 $146 ({Predecessor:} 15... O-O-O 16. Rac1 Bc5 17. Rfd1 {½-½ (17) Zhigalko,S (2640)-Movsesian,S (2723) Khanty-Mansiysk 2010}) 16. Bxc5 Nxc5 17. Rfd1 Rd8 18. Rxd8+ Kxd8 19. Rd1+ Kc8 20. f4 a6 {[#]} (20... f5 $142) 21. f5 $1 $16 {[%cal Rf5e6][%mdl 512]} Bd7 (21... Bxf5 22. Rd5) 22. Bxc4 Bc6 23. Bd5 ({And not} 23. Bxf7 Rxg2+ 24. Kf1 Rxb2 $15) 23... Kc7 24. Bxc6 Kxc6 {[%mdl 4096] Endgame KRN-KRN} (24... bxc6 $16 25. Re1 Rd8) 25. b4 $18 Nd7 26. Ne4 $1 Ne5 27. Rd6+ Kc7 28. Rd5 (28. h3 $16) 28... Nc6 (28... Nf3+ $1 $14 29. Kf2 Nxh2) 29. a3 $1 Rg4 $2 (29... Rd8 $16 30. Rxd8 Kxd8) 30. Nf6 Rd4 31. Rxd4 Nxd4 32. Nxh7 Nxf5 {KN-KN} 33. Ng5 $1 Nd6 34. Kf2 Kd7 35. Ke3 Nc4+ 36. Kd3 $1 {[%cal Rd3c4]} Nxa3 37. Nxf7 Nb5 38. h4 b6 $2 (38... Ke7 $16) 39. Ne5+ $1 Ke6 40. Nc4 Kf5 41. h5 Kg5 42. g4 $1 Na7 43. Nxb6 Nc6 {[#]} 44. Nd5 $1 Ne5+ 45. Kd4 Nxg4 46. Nc7 Nf6 47. Nxa6 Nd7 48. Nc5 $2 (48. b5 $18 Kxh5 49. Kd5) 48... Nb6 $16 {[#]} 49. Ne4+ (49. Nd3 $1 $16 {Black must now prevent b5.} Kxh5 50. Kc5 Na4+ 51. Kb5 Nc3+ 52. Kc4) 49... Kxh5 $11 50. Kc5 Nd7+ $2 {[%mdl 8192]} (50... Na4+ $11 51. Kd4 Kg6) 51. Kc6 Ne5+ 52. Kc7 $2 (52. Kd5 {mates} Nd7 53. Kd6 Nb6 54. b5 Kg6 55. Kc6 Nc4 56. Nd6 Ne5+ 57. Kd5) 52... Nc4 {The position is equal.} 53. b5 Kg6 $1 54. Nd6 Nb2 $1 55. Kc6 Na4 56. Ne4 Nb2 57. Kd5 $1 Na4 58. Kc6 Nb2 59. Nd2 {Strongly threatening b6.} Na4 60. Nb3 Kf7 61. Nc5 Nb2 $1 62. Kd5 {White threatens b6 and mate.} Ke7 63. b6 {Threatening mate with b7.} Kd8 64. Na6 {b7 would kill now.} Nd3 $1 65. Kc6 Ne5+ 66. Kb5 {White wants to mate with b7.} Kc8 67. Nc5 Kb8 68. Ka6 {aiming for b7.} Ka8 69. Kb5 {Hoping for Ka6.} Kb8 70. Ka6 {b7 is the strong threat.} Ka8 71. Ne6 Nd7 72. b7+ Kb8 73. Nd4 {Accuracy: White = 66%, Black = 52%.} 1/2-1/2

[Event "Grand Prix Hamburg 2019"]
[Site "Hamburg"]
[Date "2019.11.06"]
[Round "1.2"]
[White "Harikrishna, Pentala"]
[Black "Svidler, Peter"]
[Result "1/2-1/2"]
[WhiteElo "2748"]
[BlackElo "2729"]
[Annotator "TA"]
[PlyCount "65"]
[EventDate "2019.11.05"]
[EventType "k.o."]
[EventCountry "GER"]
[SourceTitle "playchess.com"]
[Source "ChessBase"]
[SourceQuality "1"]

{[%evp 13,65,20,25,0,6,16,15,9,34,34,37,15,20,11,29,20,28,15,17,14,14,14,14,7,17,16,16,16,28,14,10,0,0,0,0,-25,-6,-6,-14,-14,-17,-14,-2,-32,-45,-22,0,-12,-18,-16,0,0,0,0]} 1. e4 e5 2. Nf3 Nc6 3. Bc4 Bc5 4. c3 Nf6 5. d3 d6 6. a4 a6 7. O-O h6 8. Be3 {C54: Giuoco Piano: 4 c3 Nf6, main lines with 5 d4 and 5 d3} (8. Re1 a5 9. d4 Ba7 10. h3 g5 11. dxe5 Nxe5 12. Nxe5 dxe5 13. Qxd8+ Kxd8 14. Bxf7 g4 15. hxg4 Nxg4 {½-½ (25) Vachier Lagrave,M (2778)-Anand,V (2756) Saint Louis 2019}) 8... Bxe3 9. fxe3 O-O 10. Nbd2 Be6 11. Bxe6 fxe6 12. Qb3 $146 ({Predecessor:} 12. b4 Qe8 13. Qb3 g5 14. d4 g4 15. Nh4 {0-1 (50) Nopin,V (2380)-Laane,E (2395) ICCF email 2008}) 12... Qd7 13. d4 Kh7 14. Rad1 Rab8 15. Nc4 {[%cal Rd4e5]} exd4 16. exd4 b5 17. axb5 axb5 18. Ne3 Ne7 19. Qc2 {[#] Hoping for e5+.} Kg8 20. Rde1 Rbe8 21. h3 Rf7 22. b3 Qc6 23. Nd2 Ref8 24. c4 bxc4 25. bxc4 e5 26. dxe5 dxe5 27. c5 Ng6 28. Nf5 Kh7 29. Nf3 Nxe4 {The position is equal.} 30. Nxe5 Nxe5 31. Rxe4 Ng6 ({Reject} 31... Rxf5 $6 32. Rxe5 g6 33. Rfxf5 $16) 32. Re3 Kh8 33. Ree1 {Accuracy: White = 45%, Black = 64%.} 1/2-1/2

[Event "Grand Prix Hamburg 2019"]
[Site "Hamburg"]
[Date "2019.11.05"]
[Round "1.2"]
[White "Nakamura, Hikaru"]
[Black "Topalov, Veselin"]
[Result "0-1"]
[WhiteElo "2745"]
[BlackElo "2736"]
[Annotator "ChessBase"]
[PlyCount "132"]
[EventDate "2019.11.05"]
[EventType "k.o."]
[EventCountry "GER"]
[SourceTitle "playchess.com"]
[Source "ChessBase"]
[SourceQuality "1"]
[TimeControl "40/5400+30:1800+30"]

1. e4 e5 2. Nf3 Nc6 3. Bb5 Nf6 4. d3 Bc5 5. Bxc6 dxc6 6. h3 Nd7 7. Bg5 f6 8. Be3 Bxe3 9. fxe3 Qe7 10. Nc3 b6 11. O-O Bb7 12. Nh4 g6 13. Qe1 O-O-O 14. a3 Kb8 15. b4 c5 16. Na4 Bc6 17. Nb2 Rhg8 18. Rd1 Rdf8 19. c4 f5 20. b5 Bb7 21. exf5 gxf5 22. Rd2 Qg5 23. e4 fxe4 24. Rxf8+ Nxf8 25. dxe4 Ne6 26. Nf3 Qh5 27. Kh2 Nd4 28. Qe3 Bc8 29. Ne1 Qg6 30. Ned3 Re8 31. Nd1 Qg8 32. N3b2 Be6 33. Qd3 Rd8 34. Qc3 h5 35. Rf2 h4 36. a4 Qg6 37. Qe3 Rg8 38. Kh1 Qh5 39. a5 Kc8 40. Qe1 Rg3 41. Qf1 Kd7 42. Nd3 Ke7 43. N1b2 Rg8 44. a6 Qg5 45. Qg1 c6 46. bxc6 Nxc6 47. Rf1 Qg3 48. Qf2 Qxf2 49. Nxf2 Rd8 50. Nfd1 Rd2 51. Rf2 Rxf2 52. Nxf2 Na5 53. Kh2 Nxc4 54. Na4 Kd6 55. Nc3 Kc6 56. g3 hxg3+ 57. Kxg3 b5 58. Nd3 b4 59. Na4 b3 60. h4 Bf7 61. Kg4 Bg6 62. Nc3 b2 63. Kf3 Kd6 64. Nb5+ Kd7 65. Nxb2 Nxb2 66. Nxa7 Bh5+ 0-1

[Event "Grand Prix Hamburg 2019"]
[Site "Hamburg"]
[Date "2019.11.06"]
[Round "1.2"]
[White "Topalov, Veselin"]
[Black "Nakamura, Hikaru"]
[Result "1/2-1/2"]
[WhiteElo "2736"]
[BlackElo "2745"]
[Annotator "TA"]
[PlyCount "50"]
[EventDate "2019.11.05"]
[EventType "k.o."]
[EventCountry "GER"]
[SourceTitle "playchess.com"]
[Source "ChessBase"]
[SourceQuality "1"]

{[%evp 13,50,18,45,31,58,58,58,54,70,65,43,27,8,0,0,0,0,0,0,0,1,-11,0,0,0,0,52,45,53,54,38,45,89,44,43,51,52,41,60]} 1. d4 d5 2. c4 dxc4 3. e3 Nf6 4. Bxc4 e6 5. Nf3 a6 6. O-O c5 7. Bb3 Nbd7 8. e4 {D27: Queen's Gambit Accepted: Classical main line: 7 e4!? and 7 a4} cxd4 9. e5 Ng4 10. Re1 Nc5 11. h3 Nh6 $1 12. Nxd4 $146 ({Predecessor:} 12. Bg5 Be7 13. Bxe7 Qxe7 14. Qe2 Bd7 15. Na3 Bc6 16. Rad1 Nf5 17. Nxd4 g6 18. Nxc6 bxc6 {½-½ (18) Tregubov,P (2635)-Guliyev,N (2507) Paris 2011}) 12... Nxb3 13. axb3 Nf5 14. Be3 Nxd4 15. Bxd4 Bd7 16. Nc3 Bc6 17. Re3 Qh4 18. Bb6 Be7 19. Rg3 Bd8 (19... Qf4 $11) 20. Bc5 $1 $14 {[#] And now Rg4 would win.} Bc7 21. Rg4 Qh5 22. Bd6 Rd8 23. Rxg7 Qxd1+ {White is slightly better.} 24. Rxd1 Bxd6 25. exd6 Rd7 {Accuracy: White = 67%, Black = 61%.} 1/2-1/2

[Event "Grand Prix Hamburg 2019"]
[Site "Hamburg"]
[Date "2019.11.06"]
[Round "1.2"]
[White "Vitiugov, Nikita"]
[Black "Navara, David"]
[Result "1/2-1/2"]
[WhiteElo "2732"]
[BlackElo "2717"]
[Annotator "TA"]
[PlyCount "117"]
[EventDate "2019.11.05"]
[EventType "k.o."]
[EventCountry "GER"]
[SourceTitle "playchess.com"]
[Source "ChessBase"]
[SourceQuality "1"]

{[%evp 21,116,11,11,6,6,6,8,6,4,6,10,6,10,7,7,0,6,7,1,0,3,8,14,3,22,15,46,29,44,14,7,0,0,-7,10,7,14,14,10,0,0,0,0,0,1,1,14,18,70,86,70,70,70,70,150,139,223,122,114,110,233,233,233,233,233,34,34,0,0,0,0,0,0,0,0,0,0,0,0,0,0,0,0,0,0,0,0,0,0,0,0,0,0,0,0,0,0]} 1. d4 Nf6 2. c4 e6 3. g3 d5 4. Bg2 Be7 5. Nf3 O-O 6. O-O dxc4 7. Qc2 a6 8. a4 Bd7 9. Qxc4 Bc6 10. Bg5 Nbd7 11. Nc3 h6 12. Bxf6 {E05: Open Catalan: 5 Nf3 Be7} Nxf6 13. Rfd1 Bd5 14. Qd3 Bxf3 15. Bxf3 c6 {[#]} 16. h4 $146 ({Predecessor:} 16. e3 a5 17. h4 h5 18. e4 g6 19. Qe3 Re8 {1-0 (47) Grischuk,A (2759)-Dominguez Perez,L (2763) Khanty-Mansiysk 2019}) 16... Qa5 17. Qc2 Rad8 18. Kg2 h5 19. Rab1 Rd7 20. Na2 Rfd8 21. b4 Qc7 22. e3 e5 23. dxe5 Qxe5 24. Rxd7 Rxd7 25. Nc3 (25. b5 $5) 25... g6 26. Rb3 Kg7 27. Qb2 Nd5 28. Nxd5 Qxb2 29. Rxb2 cxd5 $11 {[%mdl 4096] Endgame KRB-KRB} 30. b5 Bf6 31. Rd2 axb5 32. axb5 d4 $1 33. Be2 Re7 34. exd4 Bxd4 ({Black should try} 34... Rd7 $11) 35. Rxd4 $14 Rxe2 $11 {KR-KR} 36. Rd7 b6 37. Rd6 Rb2 (37... f6 $1 $14 38. Rxb6 g5 39. hxg5 fxg5 40. Rb7+ Kf6) 38. Rxb6 $16 Rb3 (38... Kf8 $16 {keeps fighting.} 39. Kf3 Ke7) 39. Kf1 (39. Rb8 $18) 39... Rb2 40. Ke1 f6 (40... Kf8 $16) 41. Rb7+ $18 Kh6 {[#]} 42. f4 $1 g5 {[#]} 43. hxg5+ $2 ({Only move:} 43. fxg5+ $1 $18 fxg5 44. b6) 43... fxg5 $14 44. Rb6+ Kg7 {The position is equal.} 45. fxg5 {Threatens to win with Kf1.} Rg2 $1 46. Rh6 {b6 is the strong threat.} Rxg3 47. Rxh5 {And now b6 would win.} Rb3 48. g6 Kxg6 49. Rc5 Kf6 50. Kd2 {Black should prevent Kc2.} Ke6 51. Kc2 (51. Kd1 {looks sharper.} Rh3 52. Ke2 Kd6 53. Rc6+ Kd5 54. Rb6) 51... Rh3 52. Rc3 Rxc3+ 53. Kxc3 $11 {Kb4 would kill now. KP-K} Kd6 54. Kb4 $1 {[%cal Rb4a5]} Kc7 55. Ka5 $1 {[%cal Ra5a6] Threatening mate with Ka6.} Kb7 56. b6 {[%cal Bb5b6,Bb6b7][%mdl 32]} Kb8 57. Ka6 {White wants to mate with b7.} Ka8 58. b7+ Kb8 59. Kb6 {Accuracy: White = 61%, Black = 64%.} 1/2-1/2

[Event "Grand Prix Hamburg 2019"]
[Site "Hamburg"]
[Date "2019.11.06"]
[Round "1.2"]
[White "Wei, Yi"]
[Black "Vachier-Lagrave, Maxime"]
[Result "1/2-1/2"]
[WhiteElo "2724"]
[BlackElo "2774"]
[Annotator "TA"]
[PlyCount "53"]
[EventDate "2019.11.05"]
[EventType "k.o."]
[EventCountry "GER"]
[SourceTitle "playchess.com"]
[Source "ChessBase"]
[SourceQuality "1"]

{[%evp 10,53,25,24,24,13,16,15,9,-18,11,-12,0,9,36,-64,-52,-76,-63,-84,-58,-103,-121,-104,-124,-131,-60,-57,-48,-30,-34,-76,-56,-44,-44,-43,-38,-34,-48,-64,0,0,0,-66,0,0]} 1. e4 c5 2. Nf3 d6 3. d4 cxd4 4. Nxd4 Nf6 5. Nc3 a6 6. Nb3 e6 {B90: Sicilian Najdorf: Unusual White 6th moves, 6 Be3 Ng4 and 6 Be3 e5} (6... Nbd7 7. Be3 h5 8. a4 g6 9. a5 Bg7 10. Be2 b5 11. axb6 Nxb6 12. h3 Qc7 13. Qd4 Rb8 14. Bxa6 {½-½ (31) Svidler,P (2729)-Vachier Lagrave,M (2774) Khanty-Mansiysk 2019}) 7. g4 b5 8. Bg2 {And now e5! would win.} Bb7 9. g5 Nfd7 10. h4 Nc6 (10... b4 $5 {[%cal Rb4c3]} 11. Ne2 a5 $11) 11. f4 Be7 12. Ne2 $146 (12. Be3 $14) ({Predecessor:} 12. Be3 Nb6 13. Qe2 Nc4 14. O-O-O {1-0 (38) Esipenko,A (2584)-Keymer,V (2500) Wijk aan Zee 2019}) 12... h6 $15 13. Ned4 {[#]} Nxd4 $1 14. Qxd4 hxg5 15. hxg5 Rxh1+ 16. Bxh1 e5 17. Qf2 exf4 (17... a5 $17 18. a4 bxa4 19. Rxa4 Bc6) 18. Bxf4 Bxg5 19. Bxd6 Rc8 20. c3 Bh4 21. Bg3 Bxg3 22. Qxg3 {[#]} b4 $1 {[%mdl 512]} 23. O-O-O (23. cxb4 Qe7) 23... Qf6 {[%cal Rb4c3]} 24. Rd6 Qf1+ 25. Rd1 Qf6 {[%cal Rb4c3]} 26. Rd6 Qf1+ (26... Qe7 $15) 27. Rd1 {Accuracy: White = 52%, Black = 66%.} 1/2-1/2

[Event "Grand Prix Hamburg 2019"]
[Site "Hamburg"]
[Date "2019.11.06"]
[Round "1.2"]
[White "Dubov, Daniil"]
[Black "Radjabov, Teimour"]
[Result "1/2-1/2"]
[WhiteElo "2699"]
[BlackElo "2758"]
[Annotator "TA"]
[PlyCount "35"]
[EventDate "2019.11.05"]
[EventType "k.o."]
[EventCountry "GER"]
[SourceTitle "playchess.com"]
[Source "ChessBase"]
[SourceQuality "1"]

{[%evp 13,35,-41,-16,0,0,0,0,0,0,-6,-8,0,0,0,0,0,0,0,0,0,0,0,0,0]} 1. e4 e5 2. Nf3 Nc6 3. Bc4 Bc5 4. O-O Nf6 5. d4 Bxd4 6. Nxd4 Nxd4 7. Bg5 d6 8. f4 {The position is equal. C50: Hungarian Defence and Giuoco Pianissimo} Bg4 (8... Be6 9. Na3 Qe7 10. fxe5 dxe5 11. c3 Bxc4 12. Bxf6 gxf6 13. Nxc4 Ne6 14. b4 Rg8 15. Kh1 Nf4 {1-0 (62) Babujian,L (2459)-Mikaelyan,A (2496) Yerevan 2018}) 9. Bxf6 Bxd1 10. Bxd8 Rxd8 11. c3 Be2 12. cxd4 Bxc4 13. Rc1 Bd3 $146 ({Predecessor:} 13... b5 14. dxe5 dxe5 15. fxe5 a6 16. Na3 Rd4 17. b3 Bd3 18. Rxc7 Bxe4 19. Nc2 Rd7 20. Rc8+ Rd8 21. Rxd8+ Kxd8 22. Nd4 Re8 {½-½ (22) Kubis,F (1994)-Polyakov,E (1950) ICCF email 2012}) 14. Rxc7 Rd7 15. Rc8+ Rd8 16. Rxd8+ Kxd8 17. dxe5 {Black must now prevent Nc3.} Bxb1 18. Rxb1 1/2-1/2